000 00438nam a22001811a 4500
020 _a9780195649116
082 _a491.435
_bMCG/O
100 _aMcgregor R S
245 _aOutline of hindi grammar/
_cby Mcgregor R S
250 _a3rd.
260 _aNew Delhi:
_bOxford University Press,
_c1999.
300 _a294p.
500 _aMcgregor
650 _aGrammar Hindi
650 _aLanguage Hindi
650 _aLanguage
942 _cBK
999 _c32700
_d32700